| 000 | 00391nam a22001457a 4500 | ||
|---|---|---|---|
| 005 | 20250626111625.0 | ||
| 008 | 250626b |||||||| |||| 00| 0 eng d | ||
| 020 | _a 81-219-3245-9 | ||
| 082 | _21st ed | ||
| 100 |
_a Chopra R _9108887 |
||
| 245 |
_aDatabase Management Systems _bA Practical Approach |
||
| 260 |
_aNew Delhi _bS.Chand & Company Ltd. _c2010 |
||
| 300 | _a687p | ||
| 942 | _cBK | ||
| 999 |
_c367101 _d367101 |
||